000 00662nam a2200181Ia 4500
005 20260429112237.0
008 260429s9999||||xx |||||||||||||| ||und||
020 _a9788190512510
041 _aHindi
082 _a491.435
_bKUM
100 _aकुमारी, सुश्री मीरा
245 0 _aहिंदी अनुवाद :
_bनई दिशाएँ और संभावनाएँ /
_cसुश्री मीरा कुमारी
250 _a1st ed.
260 _aदिल्ली :
_bजे.बी. पब्लिशिंग कंपनी,
_c2019.
300 _a336 p.; Hb
650 _aLinguistics
942 _cTB
999 _c53090
_d53090